000 00952nam a22002651u 4500
001 12252
003 HDC
007 cr bn ---
008 210209p2003 my eng
040 _aHDC
100 _aFadelah Abdul Aziz,
_eauthor
_912736
245 0 _aPreliminary results from varietal improvement of Mokara orchid through mutagenesis /
_cby Fadelah Abdul Aziz and Sapawi Chapril
260 _aSerdang :
_bMalaysian Agricultural Research and Development Institute (MARDI),
_c2003
300 _a1 page
336 _atext
_2rdacontent
337 _acomputer
_2rdamedia
338 _aonline resource
_2rdacarrier
650 _aBreeding
_97599
650 _aMutation
_912738
650 _aOrchid
_912737
856 _zRequest full-text at [email protected]
942 _2lcc
942 _cAR
942 _kJART 003050
999 _c9575
_d9575